Statistics for 2020s Obituaries

Click here to take the quiz!

General Stats

  • This quiz has been taken 27,896 times
    (12,009 since last reset)
  • The average score is 12 of 20

Answer Stats

YearAgeHintPerson% Correct
202296Oldest and longest reigning monarch in British historyQueen Elizabeth II
98%
202354Starred as Chandler on "Friends"Matthew Perry
80%
202282The only player to win three men's FIFA World CupsPele
80%
202199Prince consort of the United KingdomPrince Philip
75%
202090He was Bond. James Bond.Sean Connery
72%
202041Basketball star known as the "Black Mamba"Kobe Bryant
70%
202356Irish singer of "Nothing Compares 2 U"Sinéad O'Connor
70%
202273Before she got "Physical", she starred as Sandy in the movie "Grease"Olivia Newton-John
68%
202060Player who led Argentina to a World Cup title in 1986Diego Maradona
66%
2023100
Secretary of State under Richard Nixon who won a controversial
Peace Prize in 1973
Henry Kissinger
63%
202087U.S. Supreme Court justice satirically known as the "Notorious RBG"Ruth Bader Ginsburg
60%
202386Billionaire who was a three-time Prime Minister of ItalySilvio Berlusconi
58%
202043Actor who starred as Black PantherChadwick Boseman
53%
202080Host of "Jeopardy!"Alex Trebek
47%
2020103Star of "Spartacus"Kirk Douglas
38%
202065Guitarist whose band mates included David Lee Roth and Sammy HagarEddie Van Halen
37%
202198He was already considered old when he ran against Bill Clinton in 1996Bob Dole
32%
202097Pilot who broke the sound barrierChuck Yeager
31%
202185Last white President of South AfricaF. W. de Klerk
31%
202087"A-wop-bop-a-loo-bop, a-lop-bam-boom!", he sangLittle Richard
31%

Score Distribution

Percentile by Number Answered

Percent of People with Each Score

Your Score History

You have not taken this quiz since the last reset